Final closet : the gay parents' guide for coming out to their children /

Bewaard in:
Bibliografische gegevens
Hoofdauteur: Corley, Rip (Auteur)
Formaat: Boek
Taal:Engels
Gepubliceerd in: Miami : Editech Press, c1990
Tags: Voeg label toe
Geen labels, Wees de eerste die dit record labelt!

MARC

LEADER 00000nam a22000007i 4500
001 IT\ICCU\UBO\3460773
003 ItRI
005 20260115231830.0
008 080723s1990 xxu|||||| ||||| |||||c
020 |a 0945586086 
040 |b ita  |c importazione bologna sebina 
041 7 |a eng  |2 ISO-639-2 
100 1 |a Corley, Rip  |0 IT\ICCU\UBOV\253186  |4 aut 
245 1 0 |a Final closet :  |b the gay parents' guide for coming out to their children /  |c Rip Corley. 
260 |a Miami :  |b Editech Press,  |c c1990 
300 |a xii, 176 p. ;  |c 23 cm. 
942 |2 ddc  |c BK  |n 0 
952 |0 0  |1 0  |4 0  |6 DOC_306_874000000000000_COR  |7 0  |9 13774  |a BO  |b BO  |d 2026-01-15  |i 2501  |l 0  |o DOC 306.874 COR  |p BO2501  |r 2026-01-15 23:18:30  |w 2026-01-15  |x [Sebina 5] [1 v.]  |y BK  |z 1 v. 
999 |c 11850  |d 11850